LEADER 01072nam a2200241 4500 001 000000365679 003 CaOOAMICUS 005 20251210122403.0 008 251210s2012 gw 000 u ger r 020 $a978-3-86312-342-0 040 $aSeMil$bita 100 1 $aKenny, Anthony John Patrick,$d<1931- >.$0(OLS)http://semarc/name/46181 245 10$a3: Neuzeit /$cAnthony Kenny. 264 1$aDarmstadt :$bWBG, Wissenschaftliche Buchgesellschaft,$c2012. 300 $a364 p. ;$c25 cm 773 0 $aKenny, Anthony John Patrick <1931- >$tGeschichte der abendländischen Philosophie.$dDarmstadt : WBG, Wissenschaftliche Buchgesellschaft, 2012.$g3$w()365674 850 $aSeMil 852 $aSeMil$W1$xVenegono$y1$m2LL VI 64$j265258$B256489$CSeMilBibl$Z2$F256489 $81 961 $aBuzzi mons. Franco - Omaggio 996 $6020$a978-3-86312-342-0$9(OLS)http://semarc/number/304917 996 $6245$a3: Neuzeit$9(OLS)http://semarc/title/457308 996 $6264$aDarmstadt :$bWBG, Wissenschaftliche Buchgesellschaft$9(OLS)http://semarc/publisher/47241 LEADER 00827nas a2200169 i 4500 001 000000017279 003 CaOOAMICUS 005 20180830125443.0 008 180830n it u0 ita u 040 $aSeMil$bita 245 10$aMonumenti dell'antichità cristiana /$cPubblicati per cura del Pontificio Istituto di Archeologia Cristiana. 260 $aRoma :$bTipografia Poliglotta Vaticana,$c[192?] 300 $av. ;$c49 cm. 710 0 $aPontificio Istituto di Archeologia Cristiana .$0(OLS)http://semarc/name/2241 774 0 $aWilpert, Giuseppe$tSarcofagi cristiani antichi.$dRoma : Pontificio Istituto di Archeologia Cristiana, 1929-1936.$g1.$w()17280 996 $6245$aMonumenti dell'antichità cristiana$9(OLS)http://semarc/title/22853 996 $6260$aRoma :$bTipografia Poliglotta Vaticana$9(OLS)http://semarc/publisher/30471 LEADER 01658nam a2200349 i 4500 001 000000120351 003 CaOOAMICUS 005 20230214135527.0 008 031119s1903 it u000 u lat u 013 $a93045 040 $aSeMil$bita 100 0 $aPius V,$c.$0(OLS)http://semarc/name/3050 245 10$aCatechismus ex decreto Concilii Tridentini ad parochos Pii 5. Pont. max. et deinde Clementis 13. iussu editus nunc ad fidem manutiani textus et optimorum exemplarium iteratis curis castigate impressus. 250 $a3 ed. stereotypa. 260 $aNapoli :$bBondinella e Loffredo,$c1903. 300 $aVIII, 595 p. ;$c17 cm. 500 $aFondo Card. C.M. Martini. 500 $aLascito Card. Andrea Carlo Ferrari 650 4$aCatechismo della Chiesa Cattolica.$0(OLS)http://semarc/subject/12084 650 4$aCatechismus Romanus.$0(OLS)http://semarc/subject/1957 710 2 $aChiesa Cattolica.$0(OLS)http://semarc/name/987 850 $aSeMil 852 $aSeMil$W1$xVenegono$y1$m2C I 62$j75538$B75538$CSeMilBibl$Z2$F94273 $81 900 0 $aPio V$c. 910 2 $aSanta Sede. 941 1 $a4 961 $aOmaggio: Martini Card. Carlo Maria -- Lascito Card. Andrea Carlo Ferrari 996 $6245$aCatechismus ex decreto Concilii Tridentini ad parochos Pii 5. Pont. max. et deinde Clementis 13. iussu editus nunc ad fidem manutiani textus et optimorum exemplarium iteratis curis castigate impressus$9(OLS)http://semarc/title/177101 996 $6260$aNapoli :$bBondinella e Loffredo$9(OLS)http://semarc/publisher/45997